Beverage Brands: Pepsi or Coca-Cola? - Statistics

General Stats
  • This quiz has been taken 122 times
  • The average score is 8 of 15
Answer Stats
Question Answer % Correct
Schweppes Coca-Cola
71%
Barq's Root Beer Coca-Cola
71%
SOBE Pepsi
71%
Fresca Coca-Cola
57%
vitaminwater Coca-Cola
57%
Topo Chico Coca-Cola
57%
Pure Leaf (Tea) Pepsi
57%
bubly Pepsi
57%
Tropicana Pepsi
57%
Lipton Pepsi
57%
Aquafina Pepsi
57%
Appletiser Coca-Cola
43%
KeVita Pepsi
43%
IZZE Pepsi
43%
Georgia Coffee Coca-Cola
29%
No matching quizzes found
Score Distribution
Percent of People with Each Score
Percentile by Number Answered
Your Score History
You have not taken this quiz